Pays limitrophes des Pays commençant par les lettres N et O - Statistiques

Statistiques générales
  • Ce quiz a été pris 267 fois
  • Le résultat moyen est 31 sur 33
Statistiques - réponses
Réponse % Correct
Chine (Tibet)
99%
Finlande
99%
Inde
99%
Suède
99%
Arabie Saoudite
98%
Niger
98%
Yémen
98%
Afrique du Sud
97%
Angola
97%
Costa Rica
97%
Russie
97%
Emirats Arabes Unis
96%
Kenya
95%
Nigeria
95%
République Démocratique du Congo
95%
Tchad
95%
Algérie
94%
Botswana
94%
Honduras
94%
Mali
94%
Bénin
92%
Cameroun
92%
Rwanda
92%
Tanzanie
92%
Turkménistan
92%
Tadjikistan
91%
Zambie
91%
Libye
87%
Soudan du Sud
85%
Afghanistan
83%
Kazakhstan
83%
Kirghizistan
83%
Burkina Faso
82%
Aucun quiz correspondant
Distribution des résultats
% des personnes avec chaque résultat
Percentile par nombre de réponses
Votre historique - résultats
Vous n’avez pas pris ce quiz